Sports Quiz

Random Sports Quiz

Del Piero goals Quiz Stats

 Plays Quiz not verified by Sporcle

Support Sporcle.
Go Orange.
Score 0/92 Timer 15:00
0 Plays Today
% Correct
Internazionale
97.4%
Milan
93.9%
Lazio
92%
Real Madrid
91%
Roma
90.7%
Fiorentina
86.5%
Napoli
86.5%
Sampdoria
82.7%
Atalanta
81.4%
Chievo
80.8%
Genoa
80.4%
Torino
79.8%
Palermo
79.5%
Manchester United
79.5%
Parma
78.8%
Udinese
78.5%
Bari
76.9%
Bologna
76.9%
Borussia Dortmund
75.3%
Hellas Verona
75%
Chelsea
73.7%
Catania
71.5%
Cagliari
71.5%
Lecce
67.6%
Brescia
65.4%
Bayern Munich
63.5%
Ascoli
60.3%
Reggina
59%
Empoli
58.7%
Paris Saint Germain
58.3%
Livorno
57.4%
% Correct
Venezia
55.1%
Messina
54.8%
Porto
54.5%
Siena
53.8%
Vicenza
53.8%
Monaco
53.2%
Padova
52.9%
Perugia
51.9%
Zenit St. Petersburg
49%
Germany
48.7%
Frosinone
47.4%
Piacenza
47.1%
France
46.8%
Bayer Leverkusen
46.5%
Cesena
45.2%
Crotone
44.6%
Treviso
44.6%
Reggiana
44.2%
Celtic
43.9%
Ancona
43.9%
Modena
43.3%
Rangers
41.7%
Feyenoord
41.3%
Galatasaray
41.3%
Brazil
40.1%
Sweden
39.4%
Olympiakos
37.5%
Avellino
36.5%
Mexico
34%
Basel
33.3%
Arezzo
33%
% Correct
United States
31.4%
Lech Poznan
29.8%
River Plate
29.8%
Switzerland
28.8%
Finland
28.5%
Belgium
28.2%
Wales
27.6%
Hungary
27.6%
Rapid Vienna
26.9%
Rosenborg
26.9%
Club Brugge
23.1%
Maccabi Tel Aviv
22.8%
Shamrock Rovers
22.1%
Lithuania
22.1%
Newcastle United
21.8%
Sturm Graz
21.2%
Slovakia
20.8%
Dinamo Kyiv
18.9%
Artmedia Petrzalka
17%
Georgia
16.3%
Northern Ireland
16%
Moldova
15.7%
Kosice
15.1%
Azerbaijan
14.7%
Steaua Bucuresti
12.2%
Eintracht Frankfurt
11.5%
Djurgaarden
10.9%
Omonia Nicosia
8.3%
Serbia & Montenegro
6.4%
Rostselmash
5.8%

You're not logged in!

Compare scores with friends on all Sporcle quizzes.
OR
Log In

From the Vault

'T' TV Shows by Cast Photo

by lolshortee

This quiz really puts the 'T' in TV.
Remove Ads.
Support Sporcle.
Get the best of Sporcle when you Go Orange. This ad-free experience offers more features, more stats, and more fun while also helping to support Sporcle. Thank you for becoming a member.

Show Comments

Extras

Created Mar 28, 2012ReportNominate
Tags:del, goal, Goals Scored

Top Quizzes Today


Score Distribution

Your Account Isn't Verified!

In order to create a playlist on Sporcle, you need to verify the email address you used during registration. Go to your Sporcle Settings to finish the process.

Report this User

Report this user for behavior that violates our Community Guidelines.

Details: